<?xml version="1.0" encoding="UTF-8"?>
<record
    xmlns:xsi="http://www.w3.org/2001/XMLSchema-instance"
    xsi:schemaLocation="http://www.loc.gov/MARC21/slim http://www.loc.gov/standards/marcxml/schema/MARC21slim.xsd"
    xmlns="http://www.loc.gov/MARC21/slim">

  <leader>01262    a2200205   4500</leader>
  <datafield tag="952" ind1=" " ind2=" ">
    <subfield code="0">0</subfield>
    <subfield code="1">0</subfield>
    <subfield code="2">LCC</subfield>
    <subfield code="4">0</subfield>
    <subfield code="7">0</subfield>
    <subfield code="8">NFIC</subfield>
    <subfield code="a">CCL</subfield>
    <subfield code="b">CCL</subfield>
    <subfield code="c">GEN</subfield>
    <subfield code="d">2022-09-26</subfield>
    <subfield code="e">Purchase</subfield>
    <subfield code="i">G19775</subfield>
    <subfield code="l">0</subfield>
    <subfield code="o">D843.WAL 1993</subfield>
    <subfield code="p">G19775</subfield>
    <subfield code="r">2022-09-26 00:00:00</subfield>
    <subfield code="t">C.1</subfield>
    <subfield code="w">2022-09-26</subfield>
    <subfield code="y">BK</subfield>
  </datafield>
  <datafield tag="999" ind1=" " ind2=" ">
    <subfield code="c">10733</subfield>
    <subfield code="d">10733</subfield>
  </datafield>
  <datafield tag="020" ind1=" " ind2=" ">
    <subfield code="a">9780099135111</subfield>
  </datafield>
  <datafield tag="050" ind1=" " ind2=" ">
    <subfield code="a">D843</subfield>
    <subfield code="b">.WAL 1994</subfield>
  </datafield>
  <datafield tag="100" ind1=" " ind2=" ">
    <subfield code="a">Walker, Martin</subfield>
    <subfield code="e">author</subfield>
  </datafield>
  <datafield tag="245" ind1=" " ind2=" ">
    <subfield code="a">The Cold War and the making of the modern world /</subfield>
    <subfield code="c">Martin J. Walker</subfield>
  </datafield>
  <datafield tag="264" ind1=" " ind2=" ">
    <subfield code="a"> London:</subfield>
    <subfield code="b">Vintage,</subfield>
    <subfield code="c"> 1994</subfield>
  </datafield>
  <datafield tag="300" ind1=" " ind2=" ">
    <subfield code="a">xi, 404 pages</subfield>
  </datafield>
  <datafield tag="336" ind1=" " ind2=" ">
    <subfield code="1">text</subfield>
    <subfield code="a">txt</subfield>
    <subfield code="b">rdacontent</subfield>
  </datafield>
  <datafield tag="337" ind1=" " ind2=" ">
    <subfield code="1">unmediated </subfield>
    <subfield code="a">n</subfield>
    <subfield code="b">rdamedia</subfield>
  </datafield>
  <datafield tag="338" ind1=" " ind2=" ">
    <subfield code="1">volume</subfield>
    <subfield code="a">nc</subfield>
    <subfield code="b">rdacarrier</subfield>
  </datafield>
  <datafield tag="505" ind1=" " ind2=" ">
    <subfield code="a">1945: Yalta to the bomb
Containment
The Cold War goes global
and comes home
New leaders and lost opportunities
Spies in the sky: Sputnik to U-2
The torch has been passed
The Cuban missile crisis
The weary Titan
Defeat in Asia: hope in Europe
The death of d&#x165;ente and the change of the western system
The new Cold War
Taking the enemy away
Gorbachev and the end of the Cold War
The year of miracles and its aftermath
Superlosers
Epilogue: transcending the nation state</subfield>
  </datafield>
  <datafield tag="520" ind1=" " ind2=" ">
    <subfield code="a">Martin Walker's account of over forty years of global confrontation between the US and Russia is a masterly narrative of the Cold War's twists and turns by a journalist who was a first-hand witness to its close.</subfield>
  </datafield>
  <datafield tag="650" ind1=" " ind2=" ">
    <subfield code="a">World politics</subfield>
  </datafield>
  <datafield tag="650" ind1=" " ind2=" ">
    <subfield code="a">Cold War</subfield>
    <subfield code="x"> Europe</subfield>
  </datafield>
  <datafield tag="942" ind1=" " ind2=" ">
    <subfield code="2">lcc</subfield>
    <subfield code="c">BK</subfield>
    <subfield code="h">843</subfield>
    <subfield code="i">WAL </subfield>
    <subfield code="k">D</subfield>
  </datafield>
</record>
